| 000 | 00824nam a2200265 a 4500 | ||
|---|---|---|---|
| 005 | 20260322212018.0 | ||
| 008 | data | ||
| 010 | _a 87007108 | ||
| 020 | _a087434090X (pbk.) | ||
| 020 | _a9780874340907 (pbk.) | ||
| 040 |
_aDNLM/DLC _cDLC |
||
| 050 | 1 |
_aRC440 _b.P754 1987 |
|
| 060 | _aWY 160 P9724 | ||
| 096 | _aWY 160 P9724 1987 | ||
| 245 | 0 | 0 |
_aPsychiatric nursing : _bcase studies, nursing diagnoses, and care plans / _cedited by Luc Reginald Pelletier. |
| 260 | 0 |
_aSpringhouse, Pa. : _bSpringhouse Corp., _cc1987. |
|
| 300 |
_ax, 484 p. : _bill. ; _c23 cm. |
||
| 504 | _aIncludes bibliographical references and index. | ||
| 650 | 0 | _aPsychiatric nursing. | |
| 650 | 2 | _aNursing Assessment. | |
| 650 | 2 | _aPatient Care Planning. | |
| 650 | 2 | _aPsychiatric Nursing. | |
| 700 | 1 | _aPelletier, Luc Reginald. | |
| 001 | data | ||
| 999 |
_c400 _d400 |
||